Musiques Ayant un Nom ... Littéralement - Statistiques

Statistiques générales
  • Ce quiz a été pris 87 fois
  • Le résultat moyen est 8 sur 20
Statistiques - réponses
Musique Artiste % Correct
Billie Jean Michael Jackson
100%
Roxanne The Police
80%
Aline Christophe
62%
Alejandro Lady Gaga
58%
Carmen Stromae
57%
Laura Johnny Hallyday
51%
Stan Eminem
48%
Clint Eastwood Gorillaz
42%
Angie The Rolling Stones
42%
Eleanor Rigby The Beatles
39%
Jolene Dolly Parton
28%
Layla Eric Clapton
28%
Michelle The Beatles
27%
Fernando ABBA
25%
Nathalie Gilbert Bécaud
20%
Rosanna Toto
20%
Ophelia The Lumineers
15%
Mr Blue Sky Electric Light Orchestra
14%
Nikita Elton John
11%
Mr Sandman The Chordettes
5%
Aucun quiz correspondant
Distribution des résultats
% des personnes avec chaque résultat
Percentile par nombre de réponses
Votre historique - résultats
Vous n’avez pas pris ce quiz